[Event "ROM-ch U12"]
[Site "Calimanesti"]
[Date "2018.03.29"]
[Round "4"]
[White "Mainov, Ioan Mihail"]
[Black "Nedelcu, Teodor Cosmin"]
[Result "0-1"]
[WhiteElo "1521"]
[BlackElo "1795"]
[PlyCount "68"]
[EventDate "2018.03.27"]
[EventType "swiss"]
[EventRounds "9"]
[EventCountry "ROU"]
[SourceTitle "CBM 183 Extra"]
[Source "ChessBase"]
[SourceDate "2018.04.19"]
[SourceVersion "1"]
[SourceVersionDate "2018.04.19"]
[SourceQuality "1"]

1. e4 c5 2. d4 cxd4 3. c3 dxc3 4. Nxc3 Nc6 5. Bc4 e6 6. Nf3 d6 7. 0-0 Be7 8. Qe2 a6 9. Rd1 Qc7 10. Bf4 b5 11. Bb3 Nf6 12. Rac1 Qb8 13. h3 e5 14. Be3 Bb7 15. Bd5 0-0 16. Bb6 Nb4 17. Bxb7 Qxb7 18. a3 Na2 19. Nxa2 Qxb6 20. Nc3 Rac8 21. Nd5 Nxd5 22. Rxc8 Rxc8 23. Rxd5 Qc6 24. Qd2 g6 25. Qd1 Kg7 26. Ne1 Qc4 27. f3 Qc1 28. Rd2 Bg5 29. Qxc1 Rxc1 30. Re2 Bh4 31. Kf1 Bg3 32. b4 Kf6 33. Re3 Kg5 34. Re2 Kf4 0-1

[Event "ROM-ch U12"]
[Site "Calimanesti"]
[Date "2018.03.29"]
[Round "3"]
[White "Nastore, Pavel Alexandru"]
[Black "Mainov, Ioan Mihail"]
[Result "1/2-1/2"]
[WhiteElo "1810"]
[BlackElo "1521"]
[PlyCount "114"]
[EventDate "2018.03.27"]
[EventType "swiss"]
[EventRounds "9"]
[EventCountry "ROU"]
[SourceTitle "CBM 183 Extra"]
[Source "ChessBase"]
[SourceDate "2018.04.19"]
[SourceVersion "1"]
[SourceVersionDate "2018.04.19"]
[SourceQuality "1"]

1. e4 c5 2. Nf3 Nc6 3. d4 cxd4 4. Nxd4 g6 5. c4 Bg7 6. Be3 Nf6 7. Nc3 0-0 8. Be2 d6 9. 0-0 a5 10. Qd2 Re8 11. f3 Nxd4 12. Bxd4 Nd7 13. Bxg7 Kxg7 14. Rfd1 Qb6+ 15. Kh1 Nc5 16. Nd5 Qd8 17. Qd4+ Kg8 18. Ne3 Ne6 19. Qd2 b6 20. Qc3 Nf4 21. Bf1 Qc7 22. g3 Ne6 23. Ng4 f6 24. Ne3 Bb7 25. Qd2 Ng5 26. Bg2 Rac8 27. Rac1 Bc6 28. h4 Nf7 29. Bh3 Bd7 30. Nd5 Qb7 31. Bxd7 Qxd7 32. Nxb6 Qh3+ 33. Qh2 Qxh2+ 34. Kxh2 Rb8 35. Na4 Rec8 36. b3 Ne5 37. Kg2 Rb4 38. Nc3 g5 39. Nd5 Rb7 40. h5 a4 41. Rc3 axb3 42. axb3 Rcb8 43. Rb1 Nc6 44. Kf2 Kf7 45. Ne3 Nd4 46. Nc2 Nxc2 47. Rxc2 Rxb3 48. Rxb3 Rxb3 49. c5 dxc5 50. Rxc5 Rb2+ 51. Kg1 Ke6 52. Rc6+ Kf7 53. Rc8 h6 54. Rc7 Ra2 55. Rb7 Rc2 56. Kf1 Rh2 57. g4 Ra2 1/2-1/2

[Event "ROM-ch U12"]
[Site "Calimanesti"]
[Date "2018.03.27"]
[Round "1"]
[White "Mindreci, Ioan Cristian"]
[Black "Mainov, Ioan Mihail"]
[Result "0-1"]
[WhiteElo "1126"]
[BlackElo "1521"]
[PlyCount "42"]
[EventDate "2018.03.27"]
[EventType "swiss"]
[EventRounds "9"]
[EventCountry "ROU"]
[SourceTitle "CBM 183 Extra"]
[Source "ChessBase"]
[SourceDate "2018.04.19"]
[SourceVersion "1"]
[SourceVersionDate "2018.04.19"]
[SourceQuality "1"]

1. c4 e5 2. g3 Nf6 3. Nc3 Nc6 4. Bg2 d6 5. Nf3 Be6 6. 0-0 Bxc4 7. d3 Be6 8. Bg5 Be7 9. d4 exd4 10. Nxd4 Nxd4 11. Qxd4 d5 12. Rfd1 c6 13. e4 dxe4 14. Qxe4 Qxd1+ 15. Rxd1 Nxe4 16. Nxe4 Rd8 17. Bxe7 Rxd1+ 18. Bf1 Kxe7 19. a3 Bh3 20. Nd2 Rd8 21. Ne4 Rxf1# 0-1

[Event "ROM-ch U12"]
[Site "Baile Felix"]
[Date "2017.02.05"]
[Round "4"]
[White "Mainov, Ioan Mihail"]
[Black "Maruntis, Patrik Robert"]
[Result "0-1"]
[WhiteElo "1429"]
[BlackElo "1520"]
[PlyCount "74"]
[EventDate "2017.02.02"]
[EventType "swiss"]
[EventRounds "9"]
[EventCountry "ROU"]
[SourceTitle "CBM 176 Extra"]
[Source "ChessBase"]
[SourceDate "2017.03.02"]
[SourceVersion "1"]
[SourceVersionDate "2017.03.02"]
[SourceQuality "1"]

1. e4 e5 2. Nf3 Nc6 3. d4 exd4 4. Bc4 h6 5. 0-0 Bc5 6. c3 dxc3 7. Bxf7+ Kxf7 8. Qd5+ Ke8 9. Qh5+ Kf8 10. Qxc5+ d6 11. Qxc3 Bg4 12. Nbd2 Nf6 13. b3 Qe7 14. Re1 Bxf3 15. Qxf3 Nd4 16. Qd3 Ne6 17. e5 dxe5 18. Rxe5 Rd8 19. Qe2 Kf7 20. Nc4 Qd7 21. Ba3 Rhe8 22. Re1 b6 23. h3 c5 24. Rf5 Kg8 25. Re5 Nd4 26. Rxe8+ Rxe8 27. Qd2 Rxe1+ 28. Qxe1 Kf7 29. Bb2 Qe6 30. Ne5+ Kg8 31. Bxd4 cxd4 32. Kf1 Qd5 33. Nd3 Qf5 34. Qe2 Ne4 35. Ke1 Nc3 36. Qe8+ Kh7 37. Nc1 Qc2 0-1

[Event "ROM-ch U12"]
[Site "Baile Felix"]
[Date "2017.02.02"]
[Round "1"]
[White "Papa, Matei"]
[Black "Mainov, Ioan Mihail"]
[Result "0-1"]
[WhiteElo "1107"]
[BlackElo "1429"]
[PlyCount "108"]
[EventDate "2017.02.02"]
[EventType "swiss"]
[EventRounds "9"]
[EventCountry "ROU"]
[SourceTitle "CBM 176 Extra"]
[Source "ChessBase"]
[SourceDate "2017.03.02"]
[SourceVersion "1"]
[SourceVersionDate "2017.03.02"]
[SourceQuality "1"]

1. d4 f5 2. c4 Nf6 3. Nc3 g6 4. Bg5 Bg7 5. e3 d6 6. Nf3 0-0 7. Bd3 Qe8 8. Qb3 Kh8 9. 0-0 Nbd7 10. e4 fxe4 11. Nxe4 e5 12. Bxf6 Bxf6 13. Nfg5 Qe7 14. Nf3 exd4 15. Nxf6 Qxf6 16. Rad1 Nc5 17. Qc2 Bg4 18. Be4 Nxe4 19. Qxe4 Bxf3 20. Qxf3 Qxf3 21. gxf3 Rxf3 22. Rxd4 Re8 23. Rc1 Re2 24. Rf1 Rxb2 25. Kg2 Ra3 26. c5 dxc5 27. Rd7 Raxa2 28. Rxc7 b6 29. Kg1 Re2 30. Rd1 Rad2 31. Rf1 Re6 32. Rxa7 Red6 33. Raa1 Kg7 34. Kg2 Kf6 35. Ra6 b5 36. Rxd6+ Rxd6 37. Rb1 Rb6 38. Kf3 b4 39. Ke4 Ke6 40. Kd3 Kd5 41. f4 c4+ 42. Kc2 Ke4 43. Rf1 Ke3 44. f5 gxf5 45. Rxf5 Kd4 46. Rf7 b3+ 47. Kb2 c3+ 48. Ka3 b2 49. Rf1 b1Q 50. Rxb1 Rxb1 51. Ka2 c2 52. Ka3 c1Q+ 53. Ka4 Qc4+ 54. Ka3 Qb3# 0-1

[Event "ROM-ch U10"]
[Site "Calimanesti Caciulata"]
[Date "2016.04.24"]
[Round "8"]
[White "Pirvu, Christian"]
[Black "Mainov, Ioan Mihail"]
[Result "1/2-1/2"]
[WhiteElo "1343"]
[BlackElo "1442"]
[PlyCount "55"]
[EventDate "2016.04.18"]
[EventType "swiss"]
[EventRounds "9"]
[EventCountry "ROU"]
[SourceTitle "EXT 2017"]
[Source "ChessBase"]
[SourceDate "2016.10.25"]
[SourceVersion "1"]
[SourceVersionDate "2016.10.25"]
[SourceQuality "1"]

1. e4 c5 2. Nf3 g6 3. d4 cxd4 4. Nxd4 Bg7 5. Nc3 Nc6 6. Be3 Nf6 7. Be2 0-0 8. Qd2 d5 9. Nxc6 bxc6 10. e5 Ng4 11. Bxg4 Bxg4 12. f4 f6 13. exf6 Bxf6 14. Bd4 Re8 15. 0-0 Bf5 16. Rac1 e5 17. Bxe5 Bxe5 18. fxe5 Rxe5 19. Kh1 Qc7 20. Ne2 Rae8 21. Ng3 Qd7 22. Nxf5 Rxf5 23. Rxf5 Qxf5 24. Re1 Rxe1+ 25. Qxe1 Qxc2 26. Qe8+ Kg7 27. Qe7+ Kh6 28. Qh4+ 1/2-1/2

[Event "ROM-ch U10"]
[Site "Calimanesti Caciulata"]
[Date "2016.04.19"]
[Round "2"]
[White "Nicolae, Dan Stefan"]
[Black "Mainov, Ioan Mihail"]
[Result "0-1"]
[WhiteElo "1206"]
[BlackElo "1442"]
[PlyCount "76"]
[EventDate "2016.04.18"]
[EventType "swiss"]
[EventRounds "9"]
[EventCountry "ROU"]
[SourceTitle "CBM 172 Extra"]
[Source "ChessBase"]
[SourceDate "2016.06.21"]
[SourceVersion "1"]
[SourceVersionDate "2016.06.21"]
[SourceQuality "1"]

1. e4 Nc6 2. Nf3 e5 3. Bc4 Nf6 4. d3 Bc5 5. 0-0 d6 6. h3 0-0 7. Nc3 Bd7 8. Bg5 h6 9. Bh4 Be6 10. Qd2 Bxc4 11. dxc4 Bb4 12. Qd3 Bxc3 13. Qxc3 g5 14. Bg3 Nxe4 15. Qe3 Nc5 16. Rad1 Nd7 17. c5 Nxc5 18. Nxe5 Nxe5 19. Bxe5 Re8 20. Qxc5 dxc5 21. Rxd8 Raxd8 22. Bxc7 Rd2 23. Rc1 Ree2 24. Ba5 Rxc2 25. Rxc2 Rxc2 26. Bc3 b5 27. a3 b4 28. axb4 cxb4 29. Bxb4 Rxb2 30. Bc3 Rc2 31. Bb4 Ra2 32. f3 a5 33. Bc3 a4 34. Kh2 a3 35. Bb4 Ra1 36. Bc3 Rc1 37. Bd4 a2 38. Bb2 a1Q 0-1

[Event "ROM-ch U08"]
[Site "Calimanesti"]
[Date "2014.04.13"]
[Round "9"]
[White "Mainov, Ioan Mihail"]
[Black "Tablan, Andrei Damian"]
[Result "0-1"]
[WhiteElo "1042"]
[BlackElo "1225"]
[PlyCount "114"]
[EventDate "2014.04.06"]
[EventType "swiss"]
[EventRounds "9"]
[EventCountry "ROU"]
[SourceTitle "CBM 160 Extra"]
[Source "ChessBase"]
[SourceDate "2014.07.01"]
[SourceVersion "1"]
[SourceVersionDate "2014.07.01"]
[SourceQuality "1"]

1. e4 e5 2. Nf3 Nc6 3. d4 exd4 4. Nxd4 Nxd4 5. Qxd4 Qf6 6. e5 Qc6 7. Nc3 Bc5 8. Qd5 Qxd5 9. Nxd5 Bb6 10. Nxb6 axb6 11. Bc4 Ra5 12. Bf4 Ne7 13. 0-0 0-0 14. Rfe1 Ng6 15. Bg3 Rc5 16. Bb3 Re8 17. f4 Rf8 18. Rad1 Ne7 19. Bh4 Re8 20. Bf2 Rc6 21. Ba4 Rc4 22. Bb3 Rxf4 23. Bg3 Rg4 24. Rf1 Rf8 25. h3 Rxg3 26. Rf2 Nc6 27. Re2 d6 28. exd6 cxd6 29. Kh2 Rg6 30. Rf1 Nd4 31. Ref2 Nxb3 32. cxb3 Be6 33. Rd2 Rd8 34. Rfd1 Bf5 35. g4 Be4 36. Rd4 Bf3 37. R1d3 Be2 38. Re3 Bb5 39. a4 Bc6 40. Re7 Re6 41. Rxe6 fxe6 42. Kg3 e5 43. Rb4 e4 44. Rxb6 Rf8 45. Rb4 d5 46. Rd4 Rf3+ 47. Kg2 Rxb3 48. Rd1 Rxb2+ 49. Kf1 e3 50. Re1 Rf2+ 51. Kg1 d4 52. Rf1 Rg2+ 53. Kh1 e2 54. Re1 d3 55. h4 d2 56. Rxe2 Rxe2+ 57. Kg1 d1Q# 0-1

[Event "ROM-ch U08"]
[Site "Calimanesti"]
[Date "2014.04.06"]
[Round "1"]
[White "Anghel, Iulian Mihai"]
[Black "Mainov, Ioan Mihail"]
[Result "1-0"]
[WhiteElo "1481"]
[BlackElo "1042"]
[PlyCount "29"]
[EventDate "2014.04.06"]
[EventType "swiss"]
[EventRounds "9"]
[EventCountry "ROU"]
[SourceTitle "CBM 160 Extra"]
[Source "ChessBase"]
[SourceDate "2014.07.01"]
[SourceVersion "1"]
[SourceVersionDate "2014.07.01"]
[SourceQuality "1"]

1. e4 c5 2. Nf3 a6 3. Bc4 h6 4. Nc3 Nc6 5. 0-0 Nf6 6. e5 Na5 7. Be2 Nh7 8. d4 e6 9. d5 b6 10. d6 Nc6 11. Be3 Bb7 12. Bd3 g6 13. Be4 f5 14. exf6 Nxf6 15. Bxg6# 1-0